Избранное: стихотворения и поэмы

Бібліографічні деталі
Автор: Корнилов В. Н. Владимир Николаевич
Мова:Російська
Опубліковано: Москва, Советский писатель, 1991
Предмети:
Формат: Книга
KOHA link:https://koha.lib.tpu.ru/cgi-bin/koha/opac-detail.pl?biblionumber=164493

MARC

LEADER 00000nam0a2200000 4500
001 164493
005 20231101222501.0
010 |a 5265018905 
020 |a RU  |b 91-41476 
035 |a (RuTPU)RU\TPU\book\178450 
090 |a 164493 
100 |a 20090907d1991 m y0rusy5003 ca 
101 0 |a rus 
102 |a RU 
105 |a c z 000gy 
200 1 |a Избранное  |e стихотворения и поэмы  |f В. Н. Корнилов 
210 |a Москва  |c Советский писатель  |d 1991 
215 |a 350,[1] с.  |d 21 см  |c портр. 
610 1 |a поэзия 
610 1 |a стихотворения 
610 1 |a поэмы 
675 |a Р2  |z rus 
700 1 |a Корнилов  |b В. Н.  |c русский поэт  |c прозаик  |f 1928-2002  |g Владимир Николаевич  |2 stltpush  |3 (RuTPU)RU\TPU\pers\14885  |9 5038 
801 0 |a RU  |b RuMRKP  |c 19950417  |g psbo 
801 1 |a RU  |b 63413507  |c 20090907 
801 2 |a RU  |b 63413507  |c 20090907  |g RCR 
942 |c BK